[Event "8th Ali Ipek Tournament 2020"]
[Site "Ankara"]
[Date "2020.03.04"]
[Round "1.8"]
[White "Celik, Berkay"]
[Black "Erdem, Emirhan"]
[Result "1/2-1/2"]
[WhiteElo "1870"]
[BlackElo "1281"]
[Annotator "NA RC"]
[PlyCount "158"]
[EventDate "2020.03.04"]
[EventType "swiss"]
[EventCountry "TUR"]
[SourceTitle "playchess.com"]
[Source "ChessBase"]
[SourceQuality "1"]
[TimeControl "5400+30"]

{[%evp 8,158,12,10,32767,32767,9,0,25,9,9,0,0,0,0,-9,22,18,46,52,45,32767,32767,32767,32767,32767,32767,131,32767,32767,32767,32767,32767,32767,32767,32767,32767,12,43,0,40,-112,-68,-119,-43,-128,0,32767,19,-174,-196,32767,32767,32767,32767,-197,-70,-90,-80,-118,-93,-114,0,0,0,0,0,0,0,0,24,0,26,0,48,43,32767,32767,32767,-545,-568,-523,-601,-536,-575,-569,-540,-765,-714,-673,-819,-961,-909,-834,-1068,-936,-920,-1021,-12828,32767,32767,-1387,-1020,-918,-1112,-935,-1615,-1005,-1570,-1689,-5061,-366,-5469,-5306,-1204,-1149,-1356,-1214,-757,-5085,-29980,-6021,-29978,-29972,-12847,-29987,-29988,-29988,32767,32767,32767,32767,-12844,-12845,-12846,-29967,-11153,-5089,-29965,-29965,-29980,-29981,0,0,0,0,0,0,0,0,0,0,0]} 1. d4 {[%emt 0:00:30]} d5 {[%emt 0:00:30]} 2. c4 {[%emt 0:00:30]} e6 {[%emt 0:00:30]} 3. Nc3 {[%emt 0:00:00]} Nf6 {[%emt 0:00:00]} 4. Bg5 {[%emt 0:00:00]} Be7 {[%emt 0:00:00]} 5. Nf3 {[%emt 0:00:00]} h6 {[%emt 0:01:30]} 6. Bh4 {[%emt 0:00:00]} O-O {[%emt 0:00:30]} 7. e3 {[%emt 0:01:30]} Nbd7 {[%emt 0:03:30]} 8. Bd3 {[%emt 0:00:30]} c5 {[%emt 0:02:30]} 9. O-O {[%emt 0:00:30]} b6 {[%emt 0:03:30]} 10. Rc1 {[%emt 0:01:30]} Bb7 {[%emt 0:01:30]} 11. Ne5 {[%emt 0:00:30] [#] D58: Queen's Gambit Declined: Tartakower Defence.} Nxe5 $146 {[%emt 0:02:30]} ({Predecessor:} 11... Rc8 12. b3 Nxe5 13. dxe5 Ne4 14. Bxe4 dxe4 15. Bxe7 Qxe7 16. Qg4 Qc7 17. Qg3 Bc6 18. Rcd1 Rfd8 {1-0 (58) Aysoy,V (1933)-Yalcindag,H (1417) Antalya 2019}) 12. dxe5 {[%emt 0:00:00]} Nd7 {[%emt 0:00:30]} 13. Bxe7 {[%emt 0:00:00]} Qxe7 {[%emt 0:00:30]} 14. f4 {[%emt 0:00:30]} a6 {[%emt 0:01:30]} 15. cxd5 {[%emt 0:00:00]} exd5 {[%emt 0:02:30]} 16. Bf5 {[%emt 0:00:00]} d4 {[%emt 0:09:30]} 17. exd4 {[%emt 0:01:30]} cxd4 {[%emt 0:01:30]} 18. Qxd4 {[%emt 0:00:00]} Nc5 {[%emt 0:00:00]} 19. b4 {[%emt 0:02:00]} Rad8 {[%emt 0:01:00]} 20. Qe3 {[%emt 0:00:00]} Ne6 {[%emt 0:01:30]} 21. Qxb6 {[%emt 0:00:00]} Rd2 {[%emt 0:01:30]} 22. Bh3 {[%emt 0:07:30]} (22. Rc2 $16 Rfd8 23. Rxd2 Rxd2 24. Be4 Bxe4 25. Nxe4) 22... Rfd8 {[%emt 0:05:30]} 23. a3 {[%emt 0:01:30]} R8d3 {[%emt 0:01:30]} (23... R8d4 $5 {[%cal Re6f4]} 24. g3 Nxf4 25. Rxf4 Qxe5 26. Qxb7 Rxf4 $14) 24. g3 {[%emt 0:01:30]} (24. Rcd1 $1 $11) 24... Nd4 {[%emt 0:01:30]} 25. Rf2 {[%emt 0:03:30]} Nf3+ {[%emt 0:01:30]} 26. Rxf3 {[%emt 0:01:30]} (26. Kf1 $1 $15) 26... Rxf3 {[%emt 0:02:30]} (26... Bxf3 $17 27. e6 Bb7) 27. Nb1 {[%emt 0:01:30]} Rb2 {[%emt 0:03:30]} 28. Qd4 $2 {[%emt 0:08:30] [#]} (28. Qd6 $1 $11 {and White is okay.} Qxd6 29. exd6) 28... Rff2 $1 {[%emt 0:09:30]} 29. Qxf2 {[%emt 0:00:30]} Rxf2 {[%emt 0:00:30]} 30. Kxf2 {[%emt 0:00:00]} Qd8 {[%emt 0:00:00]} 31. Ke2 {[%emt 0:14:00] [#]} Qd5 {[%emt 0:02:00]} (31... g5 $1 $19 32. Nd2 gxf4 33. gxf4 Qh4) 32. Nd2 {[%emt 0:00:30]} a5 {[%emt 0:02:30]} 33. Ke3 {[%emt 0:03:30]} axb4 {[%emt 0:01:30]} 34. axb4 {[%emt 0:00:00]} Qb5 {[%emt 0:02:30]} (34... Qa2 $17 35. Rb1 Qa7+ 36. Ke2 Qd4) 35. Rc4 {[%emt 0:01:00]} Qb6+ {[%emt 0:03:30]} 36. Rd4 {[%emt 0:00:30]} Qc7 {[%emt 0:01:30]} 37. Bf5 {[%emt 0:00:30]} g6 {[%emt 0:01:30]} 38. Bd3 {[%emt 0:00:30]} Qe7 {[%emt 0:01:30]} 39. Ne4 {[%emt 0:00:00]} g5 {[%emt 0:01:30]} 40. Nc5 {[%emt 0:01:00]} ({Better is} 40. Nd6 $16) 40... Bg2 {[%emt 0:01:30]} 41. Rd7 {[%emt 0:00:30]} gxf4+ {[%emt 0:00:30]} 42. gxf4 {[%emt 0:00:00]} Qh4 {[%emt 0:00:30]} 43. b5 $2 {[%emt 0:03:00]} (43. e6 $17 {is a better chance.} Qe1+ 44. Be2 fxe6 45. Nxe6 Qg1+ 46. Kd2) 43... Qe1+ {[%emt 0:01:30]} 44. Kd4 {[%emt 0:01:30]} Qb4+ {[%emt 0:03:30]} 45. Bc4 {[%emt 0:00:00]} Qb2+ {[%emt 0:01:30]} 46. Ke3 {[%emt 0:01:00]} Qc3+ {[%emt 0:00:30] Double Attack} 47. Bd3 {[%emt 0:00:30]} Qxc5+ {[%emt 0:00:30]} 48. Ke2 {[%emt 0:00:30]} Bh3 {[%emt 0:00:30]} 49. Rd6 {[%emt 0:00:30]} Bg4+ {[%emt 0:00:30]} 50. Kd2 {[%emt 0:00:00]} Qb4+ {[%emt 0:00:30]} 51. Ke3 {[%emt 0:00:00]} Qe1+ {[%emt 0:00:30]} 52. Kd4 {[%emt 0:00:30]} Qf2+ {[%emt 0:00:30]} 53. Kc3 {[%emt 0:01:30]} Qxf4 {[%emt 0:00:30]} 54. Rd5 {[%emt 0:02:30]} Qc1+ {[%emt 0:00:30]} 55. Kb4 {[%emt 0:00:30]} Qb2+ {[%emt 0:00:30]} 56. Kc5 {[%emt 0:00:30]} Be6 {[%emt 0:00:30]} 57. Rd4 {[%emt 0:01:30]} Qa3+ {[%emt 0:00:30]} 58. Kb6 {[%emt 0:00:30]} Qc3 {[%emt 0:00:30]} 59. Rd8+ {[%emt 0:00:30]} Kg7 {[%emt 0:00:30]} 60. Ka6 {[%emt 0:02:30]} Qa3+ {[%emt 0:01:30]} 61. Kb6 {[%emt 0:00:00]} Qe7 {[%emt 0:00:30]} 62. Rd6 {[%emt 0:01:00]} f6 {[%emt 0:00:30]} 63. exf6+ {[%emt 0:00:30]} Kxf6 {[%emt 0:00:30]} 64. Rc6 {[%emt 0:00:30]} Qd8+ {[%emt 0:00:30] Double Attack} 65. Ka7 {[%emt 0:07:30]} Qxd3 {[%emt 0:00:30]} 66. b6 {[%emt 0:00:00]} Qa3+ {[%emt 0:00:00]} 67. Kb8 {[%emt 0:00:00]} Qf8+ {[%emt 0:00:00]} 68. Ka7 {[%emt 0:00:30]} Qe7+ {[%emt 0:00:30]} 69. b7 {[%emt 0:00:00]} Kf7 {[%emt 0:00:30]} 70. Kb6 {[%emt 0:01:00]} Qd8+ {[%emt 0:00:30]} 71. Ka7 {[%emt 0:00:30]} Bd5 {[%emt 0:00:00]} 72. Rxh6 {[%emt 0:00:30]} Qa5+ {[%emt 0:01:00]} 73. Ra6 {[%emt 0:00:30] [#]} Qc7 $1 {[%emt 0:00:30]} 74. Rb6 {[%emt 0:00:00]} Bc6 $2 {[%emt 0:00:30] [#]} (74... Ke8 $19 75. h4 Kd7 76. Rb2 Qa5+ 77. Kb8 Be4 78. Rb3 Qd5 79. Rb6 Qe5+ 80. Ka7 Qa5+ 81. Ra6 Qc5+ 82. Rb6 Bd3 83. h5 Qa5+ 84. Ra6 Qxa6+ 85. Kb8 Be4 86. h6 Qxb7#) 75. Rxc6 $1 {[%emt 0:00:00]} Qxc6 {[%emt 0:01:30]} 76. b8=Q {[%emt 0:00:30]} Qa4+ {[%emt 0:00:00]} 77. Kb7 {[%emt 0:00:30]} Qb5+ {[%emt 0:00:00]} 78. Kc7 $11 {[%emt 0:00:00]} Qxb8+ {[%emt 0:00:30]} 79. Kxb8 {[%emt 0:00:00]} Kg6 {[%emt 0:00:00]} 1/2-1/2

[Event "8th Ali Ipek Tournament 2020"]
[Site "Ankara"]
[Date "2020.03.04"]
[Round "1.9"]
[White "Bakircay, Yakup"]
[Black "Alkan, Ferman"]
[Result "0-1"]
[WhiteElo "1388"]
[BlackElo "1858"]
[Annotator "NA RC"]
[PlyCount "98"]
[EventDate "2020.03.04"]
[EventType "swiss"]
[EventCountry "TUR"]
[SourceTitle "playchess.com"]
[Source "ChessBase"]
[SourceQuality "1"]
[TimeControl "5400+30"]

{[%evp 10,90,17,5,0,12,32767,7,3,-7,-15,0,1,-73,-99,-110,-84,-113,32767,32767,32767,32767,-80,32767,32767,32767,32767,32767,-100,-108,-110,-127,-153,-175,-159,-226,-293,-255,-280,32767,32767,32767,-405,-502,32767,-741,-671,-627,-513,-455,-571,-533,-652,-545,-630,-531,-669,-570,32767,32767,-629,32767,32767,-1603,32767,32767,-29964,32767,-29974,-29979,-29980,-29964,-29982,-29982,-29981,-29977,32767,32767,32767,32767,-29982,-12848,-29983]} 1. e4 {[%emt 0:00:30]} Nf6 {[%emt 0:00:30]} 2. Nc3 {[%emt 0:00:30]} d5 {[%emt 0:00:00]} 3. e5 {[%emt 0:00:00]} Nfd7 {[%emt 0:00:00]} 4. f4 {[%emt 0:00:00]} e6 {[%emt 0:00:30]} 5. Nf3 {[%emt 0:00:00]} c5 {[%emt 0:00:30]} 6. d4 {[%emt 0:00:00]} Nc6 {[%emt 0:00:00]} 7. Be3 {[%emt 0:00:30]} Be7 {[%emt 0:00:00]} 8. Qd2 {[%emt 0:01:30]} O-O {[%emt 0:09:30]} 9. Bd3 {[%emt 0:00:30] C11: French: Classical System: 4 e5 and 4 Bg5 dxe4.} f6 {[%emt 0:01:30]} 10. exf6 {[%emt 0:08:30]} Bxf6 {[%emt 0:00:30] [#]} 11. dxc5 $146 {[%emt 0:02:30]} ({Predecessor:} 11. Bb5 $11 {remains equal.} cxd4 12. Nxd4 Nxd4 13. Bxd4 Nb6 14. O-O-O Bd7 15. Qe3 Rc8 16. Rhe1 Rxc3 17. Qxc3 Bxb5 18. Rxe6 Bxd4 19. Qxd4 {½-½ (59) Bologan,V (2712)-Short,N (2698) Poikovsky 2012}) 11... d4 {[%emt 0:02:30]} 12. Nxd4 {[%emt 0:00:30]} Nxd4 {[%emt 0:01:30]} 13. Bxd4 {[%emt 0:00:30]} Bxd4 {[%emt 0:00:30]} 14. Bxh7+ {[%emt 0:00:00]} Kxh7 {[%emt 0:00:30]} 15. Qxd4 {[%emt 0:00:00]} Qf6 {[%emt 0:00:30]} 16. Qxf6 {[%emt 0:05:30]} Rxf6 {[%emt 0:00:30]} 17. O-O {[%emt 0:00:00]} Nxc5 {[%emt 0:00:30]} 18. Rad1 {[%emt 0:00:00]} a5 {[%emt 0:08:30]} 19. Rd8 {[%emt 0:00:30]} b6 {[%emt 0:00:30]} 20. Nb5 {[%emt 0:02:30]} Bb7 {[%emt 0:00:30]} 21. Rxa8 {[%emt 0:00:30]} Bxa8 {[%emt 0:00:30]} 22. Nc7 {[%emt 0:01:30]} (22. g3 $17) 22... Bc6 {[%emt 0:00:30]} 23. Re1 {[%emt 0:05:30]} Kg8 {[%emt 0:09:30]} ({Don't do} 23... Rxf4 24. Nxe6 Nxe6 25. Rxe6 $19) 24. g3 {[%emt 0:03:30]} g5 {[%emt 0:00:30]} 25. f5 {[%emt 0:02:30]} exf5 {[%emt 0:00:30]} 26. Ne8 {[%emt 0:00:30]} Rh6 {[%emt 0:02:30]} 27. a3 {[%emt 0:04:30]} Kf7 {[%emt 0:01:30]} 28. Nc7 {[%emt 0:00:30]} a4 {[%emt 0:01:30]} 29. Rd1 {[%emt 0:01:30]} f4 {[%emt 0:02:30]} 30. gxf4 {[%emt 0:03:30]} gxf4 {[%emt 0:00:30]} 31. Nd5 {[%emt 0:00:00]} Rd6 {[%emt 0:00:30]} 32. Nc3 {[%emt 0:03:00]} Rg6+ {[%emt 0:00:30]} 33. Kf1 {[%emt 0:00:00]} Ke6 {[%emt 0:00:30]} 34. Rd2 {[%emt 0:02:00]} Kf5 {[%emt 0:00:30]} 35. Rf2 {[%emt 0:00:30]} f3 {[%emt 0:01:30]} 36. Ke1 {[%emt 0:01:30]} Kf4 {[%emt 0:00:30]} 37. Ne2+ {[%emt 0:00:30]} Ke3 {[%emt 0:00:30]} 38. Ng3 {[%emt 0:00:00] [#]} Rxg3 $1 {[%emt 0:02:30]} 39. hxg3 {[%emt 0:00:00] [#]} Ne4 $1 {[%emt 0:00:30] Double Attack} 40. Rxf3+ {[%emt 0:02:30]} Kxf3 {[%emt 0:00:30]} 41. g4 {[%emt 0:00:30]} Ke3 {[%emt 0:00:00]} 42. Kd1 {[%emt 0:00:30]} Nf2+ {[%emt 0:00:00]} 43. Kc1 {[%emt 0:00:30]} Nxg4 {[%emt 0:00:30]} 44. b3 {[%emt 0:00:00]} Nf6 {[%emt 0:00:00]} 45. Kd1 $19 {[%emt 0:06:00]} Kd4 {[%emt 0:00:00]} 46. Kc1 {[%emt 0:05:30]} Kc3 {[%emt 0:00:30]} 47. Kb1 {[%emt 0:01:30]} axb3 {[%emt 0:00:30]} 48. cxb3 {[%emt 0:00:00]} Kxb3 {[%emt 0:00:30]} 49. a4 {[%emt 0:00:00]} Bxa4 {[%emt 0:00:30]} 0-1

[Event "8th Ali Ipek Tournament 2020"]
[Site "Ankara"]
[Date "2020.03.04"]
[Round "1.10"]
[White "Caberoglu, Arda"]
[Black "Unlu, Muhammet Ali"]
[Result "1-0"]
[WhiteElo "1784"]
[BlackElo "1290"]
[Annotator "NA RC"]
[PlyCount "56"]
[EventDate "2020.03.04"]
[EventType "swiss"]
[EventCountry "TUR"]
[SourceTitle "playchess.com"]
[Source "ChessBase"]
[SourceQuality "1"]
[TimeControl "5400+30"]

1. e4 {[%emt 0:10:30]} e6 {[%emt 0:00:30]} 2. d4 {[%emt 0:01:30]} d5 {[%emt 0:00:30]} 3. Nc3 {[%emt 0:00:30]} Nf6 {[%emt 0:00:00]} 4. Bg5 {[%emt 0:00:00]} Be7 {[%emt 0:00:00]} 5. e5 {[%emt 0:00:00]} Nfd7 {[%emt 0:00:00]} 6. Bxe7 {[%emt 0:00:00]} Qxe7 {[%emt 0:00:00]} 7. f4 {[%emt 0:00:00]} c5 {[%emt 0:00:30]} 8. Nf3 {[%emt 0:00:30]} Nc6 {[%emt 0:00:30]} 9. Bd3 {[%emt 0:00:30]} a6 {[%emt 0:04:30]} 10. O-O {[%emt 0:00:30]} c4 {[%emt 0:02:30]} 11. Be2 {[%emt 0:01:30]} O-O {[%emt 0:03:30]} 12. f5 {[%emt 0:00:00]} f6 {[%emt 0:05:30]} 13. fxe6 {[%emt 0:09:00]} Nb6 {[%emt 0:02:30]} 14. exf6 {[%emt 0:06:30]} Rxf6 {[%emt 0:00:30]} 15. Qd2 {[%emt 0:01:30]} Bxe6 {[%emt 0:01:30]} 16. Ng5 {[%emt 0:01:30]} Raf8 {[%emt 0:07:30]} 17. Rxf6 {[%emt 0:00:30]} Rxf6 {[%emt 0:01:30]} 18. Nxe6 {[%emt 0:00:30]} Qxe6 {[%emt 0:03:30]} 19. Bf3 {[%emt 0:00:30]} Ne7 {[%emt 0:06:30]} 20. Re1 {[%emt 0:01:30]} Qd7 {[%emt 0:01:30]} 21. a4 {[%emt 0:01:30]} Re6 {[%emt 0:03:30]} 22. a5 {[%emt 0:02:30]} Na8 {[%emt 0:01:30]} 23. Rxe6 {[%emt 0:01:30]} Qxe6 {[%emt 0:00:30]} 24. Kf2 {[%emt 0:00:30]} Nc7 {[%emt 0:00:30]} 25. Qf4 {[%emt 0:01:30]} Qd7 {[%emt 0:05:30]} 26. Qg5 {[%emt 0:08:30]} Kf8 {[%emt 0:05:30]} 27. Ne2 {[%emt 0:03:30]} Ne6 {[%emt 0:10:30]} 28. Qe5 {[%emt 0:01:30]} Qc7 {[%emt 0:05:30]} 1-0

[Event "8th Ali Ipek Tournament 2020"]
[Site "Ankara"]
[Date "2020.03.04"]
[Round "1.11"]
[White "Cicekli, Ruzgar"]
[Black "Ozsac, Samet Harun"]
[Result "0-1"]
[WhiteElo "1218"]
[BlackElo "1844"]
[Annotator "NA RC"]
[PlyCount "98"]
[EventDate "2020.03.04"]
[EventType "swiss"]
[EventCountry "TUR"]
[SourceTitle "playchess.com"]
[Source "ChessBase"]
[SourceQuality "1"]
[TimeControl "5400+30"]

{[%evp 9,94,30,32767,41,45,33,32767,32767,30,33,55,33,39,-2,32767,32767,32767,32767,-14,-16,-19,-7,32767,-6,0,0,32767,32767,32767,-7,32767,0,0,0,0,0,0,-18,0,-11,-14,-260,-266,-852,-205,-192,-197,-214,32767,-204,32767,32767,32767,32767,-353,-490,-537,-523,-576,-597,-554,-611,-505,-525,-591,-558,-481,-619,-610,-657,32767,-705,-897,-791,-964,-832,-845,-745,-943,-877,-1165,-1142,-983,-1166,-1013,-1155,-1448]} 1. d4 {[%emt 0:00:30]} Nf6 {[%emt 0:00:30]} 2. c4 {[%emt 0:00:00]} g6 {[%emt 0:00:30]} 3. Nc3 {[%emt 0:00:00]} Bg7 {[%emt 0:00:30]} 4. e4 {[%emt 0:00:30]} d6 {[%emt 0:00:00]} 5. Nf3 {[%emt 0:00:00]} Bg4 {[%emt 0:01:00]} 6. Be2 {[%emt 0:02:00]} Nfd7 {[%emt 0:02:30]} 7. O-O {[%emt 0:01:30] E90: King's Indian: Classical: Early deviations and 6 h3.} Bxf3 {[%emt 0:02:30]} 8. Bxf3 {[%emt 0:00:30]} Nc6 {[%emt 0:00:30]} 9. Be3 {[%emt 0:01:30]} e5 {[%emt 0:01:30]} 10. d5 {[%emt 0:03:30]} Nd4 {[%emt 0:00:30]} 11. Bxd4 {[%emt 0:00:30]} exd4 {[%emt 0:00:30]} 12. Nb5 {[%emt 0:00:00] [#]} d3 $146 {[%emt 0:00:30]} ({Predecessor:} 12... Ne5 13. Be2 d3 14. Bxd3 Nxd3 15. Qxd3 Bxb2 16. Rab1 Be5 17. f4 Bg7 {0-1 (49) Contreras Rodriguez,F (1904)-Coronado Paulino,K (1773) Santo Domingo 2016}) 13. Qxd3 {[%emt 0:01:00]} Bxb2 {[%emt 0:00:30]} 14. Rab1 {[%emt 0:00:30]} Bg7 {[%emt 0:01:30]} 15. Nd4 {[%emt 0:02:30]} Nc5 {[%emt 0:04:30]} 16. Qe3 {[%emt 0:01:30]} O-O {[%emt 0:01:30]} 17. Nb3 {[%emt 0:00:00]} Nxb3 {[%emt 0:02:30]} 18. Rxb3 {[%emt 0:01:00]} b6 {[%emt 0:00:30]} 19. Bd1 {[%emt 0:03:30]} Re8 {[%emt 0:03:30]} 20. Qf4 {[%emt 0:01:30]} Re5 {[%emt 0:03:30]} 21. Re3 {[%emt 0:04:30]} Qd7 {[%emt 0:04:30]} 22. Qg3 {[%emt 0:02:30]} a5 {[%emt 0:08:30]} 23. a4 {[%emt 0:03:30]} Rae8 {[%emt 0:02:30]} 24. Bc2 {[%emt 0:00:30]} R5e7 {[%emt 0:09:30]} 25. f4 $2 {[%emt 0:02:30]} (25. Qf4 $11 {and White is okay.}) 25... Bd4 {[%emt 0:00:30]} 26. f5 $2 {[%emt 0:01:30]} (26. Kh1 Bxe3 27. Qxe3) 26... Bxe3+ $2 {[%emt 0:01:30]} (26... Rxe4 27. Bxe4 Rxe4 {[%mdl 64] Pin}) 27. Qxe3 {[%emt 0:00:30]} Re5 {[%emt 0:04:30]} 28. Qh6 {[%emt 0:00:30]} Qe7 {[%emt 0:03:30]} 29. f6 {[%emt 0:02:30]} Qf8 {[%emt 0:00:00]} 30. Qf4 {[%emt 0:02:30]} h5 {[%emt 0:02:00]} 31. Rf3 {[%emt 0:00:30]} Kh7 {[%emt 0:00:30]} 32. g4 {[%emt 0:00:30]} (32. Kf2 {was called for.}) 32... Qh6 {[%emt 0:00:30]} 33. Kg2 {[%emt 0:01:30]} hxg4 {[%emt 0:02:30]} 34. Qxh6+ {[%emt 0:01:30]} Kxh6 {[%emt 0:00:00]} 35. Rf4 {[%emt 0:00:00]} g5 {[%emt 0:01:00]} 36. Rxg4 {[%emt 0:00:00]} Kg6 {[%emt 0:00:30]} 37. Rg3 {[%emt 0:00:30]} Kxf6 {[%emt 0:00:30]} 38. Rh3 {[%emt 0:00:00]} Kg7 {[%emt 0:00:00]} 39. Kf3 {[%emt 0:01:00]} Rh8 {[%emt 0:00:00]} 40. Rxh8 {[%emt 0:00:30]} Kxh8 {[%emt 0:00:30]} 41. Ke3 {[%emt 0:00:00]} f5 {[%emt 0:00:00]} 42. Kd4 {[%emt 0:00:00]} fxe4 {[%emt 0:00:00]} 43. Bxe4 {[%emt 0:00:30]} Kg7 {[%emt 0:00:00]} 44. h3 {[%emt 0:00:30]} Kf6 {[%emt 0:00:00]} 45. Bf3 {[%emt 0:00:30]} Kf5 {[%emt 0:00:30]} 46. Bg4+ {[%emt 0:00:00]} Kf4 {[%emt 0:00:00]} 47. Be6 {[%emt 0:01:00]} Re1 $19 {[%emt 0:00:00]} 48. Kc3 {[%emt 0:02:30]} Kg3 {[%emt 0:00:30]} 49. Kb3 {[%emt 0:00:30]} Rh1 {[%emt 0:00:30]} 0-1

[Event "8th Ali Ipek Tournament 2020"]
[Site "Ankara"]
[Date "2020.03.04"]
[Round "1.12"]
[White "Ozates, Mert"]
[Black "Ozer, Nazlican"]
[Result "1-0"]
[WhiteElo "1810"]
[BlackElo "1474"]
[Annotator "NA RC"]
[PlyCount "69"]
[EventDate "2020.03.04"]
[EventType "swiss"]
[EventCountry "TUR"]
[SourceTitle "playchess.com"]
[Source "ChessBase"]
[SourceQuality "1"]
[TimeControl "5400+30"]

{[%evp 10,68,28,32767,32767,32767,32767,32767,32767,30,40,33,58,53,25,29,68,76,75,91,90,75,32767,77,79,71,140,96,99,32767,87,87,102,32767,32767,32767,32767,8,13,32767,95,32767,-11,-85,-42,-83,-45,-145,-156,-303,-317,-390,0,0,347,161,162,151,1123,917,29999]} 1. e4 {[%emt 0:00:30]} e5 {[%emt 0:00:30]} 2. Nf3 {[%emt 0:00:30]} Nc6 {[%emt 0:00:00]} 3. Bb5 {[%emt 0:00:00]} a6 {[%emt 0:00:00]} 4. Ba4 {[%emt 0:00:00]} Nf6 {[%emt 0:01:30]} 5. O-O {[%emt 0:00:00]} Be7 {[%emt 0:01:30]} 6. Re1 {[%emt 0:00:00]} b5 {[%emt 0:00:00]} 7. Bb3 {[%emt 0:00:00]} O-O {[%emt 0:01:00]} 8. h3 {[%emt 0:00:00]} d6 {[%emt 0:04:30]} 9. c3 {[%emt 0:00:30]} Bb7 {[%emt 0:00:30] 9...Nb8 is setting a new trend. Played by Liren Ding in December 2019.} 10. d4 {[%emt 0:00:30]} Rc8 {[%emt 0:03:30] C92: Closed Ruy Lopez: 9...Be6, Karpov and Flohr-Zaitsev Variations.} 11. Nbd2 {[%emt 0:05:30]} exd4 {[%emt 0:03:30]} 12. cxd4 {[%emt 0:00:30]} Na5 {[%emt 0:03:30] [#]} 13. Bc2 $1 {[%emt 0:00:30]} c5 {[%emt 0:01:30]} 14. d5 {[%emt 0:01:30]} Re8 {[%emt 0:03:30]} 15. b3 {[%emt 0:07:30] [#]} Nd7 $146 {[%emt 0:01:30]} ({Predecessor:} 15... g6 16. Rb1 Bf8 17. Nf1 Bg7 18. Bb2 Rc7 19. Qd2 Rce7 20. Ng3 Bc8 21. Bc3 b4 {½-½ (41) Valinova,J (2361)-Nedoma,P (2403) ICCF email 2010}) 16. Nf1 {[%emt 0:02:30]} Bf6 {[%emt 0:06:30]} 17. Rb1 {[%emt 0:00:30]} Ba8 {[%emt 0:04:30]} (17... Ne5 $142) 18. Ng3 {[%emt 0:04:30]} g6 {[%emt 0:04:30]} 19. Bf4 {[%emt 0:10:30]} Qc7 {[%emt 0:05:30]} 20. Qd2 {[%emt 0:08:30]} b4 {[%emt 0:04:30]} 21. Qd3 {[%emt 0:05:30]} c4 {[%emt 0:02:30]} 22. bxc4 {[%emt 0:00:30]} Nxc4 {[%emt 0:00:30]} 23. Bb3 {[%emt 0:14:30]} Na3 {[%emt 0:05:30]} 24. Rbc1 {[%emt 0:08:30]} Bc3 {[%emt 0:00:30]} (24... Nc5 $11 {remains equal.} 25. Rxc5 Qxc5) 25. Rf1 {[%emt 0:06:30]} Nc5 {[%emt 0:00:30]} 26. Qe2 {[%emt 0:03:30]} (26. Rxc3 $11 {remains equal.} bxc3 27. Qxc3) 26... Nxb3 {[%emt 0:03:30]} 27. axb3 {[%emt 0:00:30]} Bxd5 {[%emt 0:00:00] Pin} 28. Qxa6 {[%emt 0:01:48]} ({Better is} 28. Nd4) 28... Bxb3 {[%emt 0:01:00]} 29. Rxc3 {[%emt 0:06:50]} (29. Bxd6 $17 Qc4 30. Qa5) 29... Qxc3 {[%emt 0:01:30]} 30. Qxd6 {[%emt 0:01:10]} Red8 $2 {[%emt 0:01:30]} ({Black should play} 30... Rcd8 $19 31. Qb6 Nc4) 31. Qe7 {[%emt 0:01:27]} Rd1 $2 {[%emt 0:01:30]} (31... Re8 $11 {and Black has nothing to worry.} 32. Qh4 Bc2) 32. Be5 {[%emt 0:02:10]} (32. Rxd1 $142 Bxd1 33. Ne5) 32... Rxf1+ {[%emt 0:01:30]} 33. Nxf1 {[%emt 0:00:10]} Qc5 $2 {[%emt 0:05:30]} (33... Qc6) 34. Qf6 {[%emt 0:01:32]} Qf8 {[%emt 0:00:30]} 35. Qh8# {[%emt 0:00:49]} 1-0

[Event "8th Ali Ipek Tournament 2020"]
[Site "Ankara"]
[Date "2020.03.04"]
[Round "1.14"]
[White "Alkan, Omer Tarik"]
[Black "Korkut, Kadri"]
[Result "1-0"]
[WhiteElo "1757"]
[BlackElo "1368"]
[Annotator "NA RC"]
[PlyCount "75"]
[EventDate "2020.03.04"]
[EventType "swiss"]
[EventCountry "TUR"]
[SourceTitle "playchess.com"]
[Source "ChessBase"]
[SourceQuality "1"]
[TimeControl "5400+30"]

1. e4 {[%emt 0:00:30]} c5 {[%emt 0:00:30]} 2. Nf3 {[%emt 0:00:00]} e6 {[%emt 0:00:30]} 3. d4 {[%emt 0:00:00]} cxd4 {[%emt 0:00:30]} 4. c3 {[%emt 0:00:30]} dxc3 {[%emt 0:01:30]} 5. Nxc3 {[%emt 0:00:00]} a6 {[%emt 0:00:00]} 6. Bc4 {[%emt 0:00:00]} b5 {[%emt 0:00:00]} 7. Bb3 {[%emt 0:00:30]} Bb7 {[%emt 0:00:30]} 8. O-O {[%emt 0:00:30]} d6 {[%emt 0:00:00]} 9. Bf4 {[%emt 0:03:30]} Be7 {[%emt 0:00:00]} 10. Qe2 {[%emt 0:00:30]} Nf6 {[%emt 0:00:30]} 11. Rfd1 {[%emt 0:00:30]} Nbd7 {[%emt 0:00:30]} 12. Bxd6 {[%emt 0:00:30]} O-O {[%emt 0:01:30]} 13. e5 {[%emt 0:01:30]} Ne8 {[%emt 0:04:30]} 14. Ne4 {[%emt 0:04:30]} Bxe4 {[%emt 0:01:30]} 15. Qxe4 {[%emt 0:00:30]} Nxd6 {[%emt 0:00:00]} 16. exd6 {[%emt 0:00:30]} Bf6 {[%emt 0:03:00]} 17. Rac1 {[%emt 0:00:00]} Rc8 {[%emt 0:00:30]} 18. Bc2 {[%emt 0:05:00]} g6 {[%emt 0:00:30]} 19. b4 {[%emt 0:00:30]} Qb6 {[%emt 0:00:30]} 20. Bb3 {[%emt 0:08:30]} Rxc1 {[%emt 0:01:30]} 21. Rxc1 {[%emt 0:00:30]} Qxd6 {[%emt 0:00:30]} 22. Rc6 {[%emt 0:00:30]} Qb8 {[%emt 0:00:30]} 23. Rxa6 {[%emt 0:05:30]} Ne5 {[%emt 0:00:30]} 24. Nxe5 {[%emt 0:02:30]} Bxe5 {[%emt 0:00:30]} 25. g3 {[%emt 0:00:30]} Rc8 {[%emt 0:00:30]} 26. Kg2 {[%emt 0:00:30]} Qc7 {[%emt 0:00:30]} 27. Rxe6 {[%emt 0:01:30]} Bc3 {[%emt 0:01:30]} 28. Re7 {[%emt 0:00:30]} Qc6 {[%emt 0:00:00]} 29. Qxc6 {[%emt 0:00:30]} Rxc6 {[%emt 0:00:00]} 30. Rxf7 {[%emt 0:00:30]} Kh8 {[%emt 0:00:30]} 31. Rb7 {[%emt 0:00:00]} Bxb4 {[%emt 0:00:30]} 32. Rxb5 {[%emt 0:01:00]} Be1 {[%emt 0:00:00]} 33. Rb7 {[%emt 0:00:00]} Rf6 {[%emt 0:00:00]} 34. f3 {[%emt 0:01:00]} Rd6 {[%emt 0:00:30]} 35. h4 {[%emt 0:00:30]} h6 {[%emt 0:00:00]} 36. Re7 {[%emt 0:01:30]} Rd2+ {[%emt 0:00:00]} 37. Kh3 {[%emt 0:00:30]} Rd3 {[%emt 0:00:30]} 38. Rxe1 {[%emt 0:00:00]} 1-0